[Event "Kaiserbrunnen Seniors op 2nd "]
[Site "Brakel"]
[Date "2004.02.27"]
[Round "8"]
[White "Jakubowski, Karl"]
[Black "Gerull, Dietrich"]
[Result "0-1"]
[WhiteElo "1370"]
[BlackElo "1667"]
[PlyCount "76"]
[EventDate "2004.02.20"]
[EventType "swiss"]
[EventRounds "9"]
[EventCountry "GER"]
[SourceTitle "EXT 2006"]
[Source "ChessBase"]
[SourceDate "2005.11.24"]
[SourceVersion "1"]
[SourceVersionDate "2005.11.24"]
[SourceQuality "1"]

1. c4 Nf6 2. Nc3 g6 3. Nf3 Bg7 4. g3 0-0 5. Bg2 d6 6. 0-0 a6 7. d4 Nbd7 8. e3 Rb8 9. Bd2 e5 10. Rb1 b5 11. cxb5 axb5 12. a3 c6 13. dxe5 dxe5 14. Qc2 Re8 15. Ne4 Nxe4 16. Qxe4 Bb7 17. Qc2 c5 18. Bc3 Qe7 19. b4 c4 20. Rbd1 Rbd8 21. Nd2 Bxg2 22. Kxg2 Nb6 23. Qe4 Rd3 24. Nb1 Red8 25. Rxd3 Rxd3 26. Qc6 Na4 27. Rc1 Nxc3 28. Nxc3 Rd6 29. Qxb5 e4 30. Qxc4 Bxc3 31. Rxc3 Re6 32. Qc5 Qf6 33. Rc1 Qf3+ 34. Kg1 h5 35. Qg5 Kg7 36. Qf4 Qe2 37. Rc7 Rf6 38. Rxf7+ Rxf7 0-1

[Event "Kaiserbrunnen Seniors op 2nd "]
[Site "Brakel"]
[Date "2004.02.24"]
[Round "6"]
[White "Schmidt, Erich"]
[Black "Gerull, Dietrich"]
[Result "1-0"]
[WhiteElo "2063"]
[BlackElo "1667"]
[PlyCount "165"]
[EventDate "2004.02.20"]
[EventType "swiss"]
[EventRounds "9"]
[EventCountry "GER"]
[SourceTitle "EXT 2006"]
[Source "ChessBase"]
[SourceDate "2005.11.24"]
[SourceVersion "1"]
[SourceVersionDate "2005.11.24"]
[SourceQuality "1"]

1. d4 Nf6 2. Nf3 g6 3. Bf4 d6 4. e3 Bg7 5. Bd3 c5 6. c3 cxd4 7. exd4 0-0 8. 0-0 Bg4 9. h3 Bxf3 10. Qxf3 Qb6 11. Bc1 Nbd7 12. Nd2 Rac8 13. Re1 Rfe8 14. Nc4 Qc6 15. Qxc6 bxc6 16. Bf4 Nb6 17. Re2 Nxc4 18. Bxc4 d5 19. Bb3 Nd7 20. Rae1 e6 21. Bc2 c5 22. Ba4 Red8 23. Bg5 Nf6 24. dxc5 Rxc5 25. Be3 Ra5 26. Bb3 Ne4 27. c4 Nc5 28. Bxc5 Rxc5 29. cxd5 e5 30. f3 Kf8 31. Rd1 Rd6 32. Rc2 Rxc2 33. Bxc2 f5 34. g4 Bh6 35. gxf5 Be3+ 36. Kg2 Bd4 37. fxg6 hxg6 38. b3 g5 39. Be4 Ra6 40. Rd2 Ke7 41. Rc2 Kd8 42. Kg3 Be3 43. Bf5 Bf4+ 44. Kg2 Ke7 45. Kf2 Rd6 46. Rc7+ Kf6 47. Be6 e4 48. Rf7+ Ke5 49. fxe4 Kxe4 50. Ke2 Ra6 51. Bf5+ Kxd5 52. a4 Ke5 53. Bd3 Rb6 54. Bc4 Rh6 55. Re7+ Kd6 56. Rxa7 Rxh3 57. Ra5 Re3+ 58. Kf2 Rc3 59. Rd5+ Kc6 60. Rf5 Kd6 61. a5 Kc7 62. a6 Be3+ 63. Kf3 Bf4+ 64. Ke4 Re3+ 65. Kd4 Re7 66. Rb5 Be3+ 67. Kd3 Kd6 68. Rd5+ Kc6 69. Rf5 Kb6 70. b4 Bf4 71. Rf6+ Ka7 72. b5 Bc7 73. Bd5 Rd7 74. Kc4 Bd8 75. Rf8 Kb6 76. Bc6 Rd1 77. Rf7 Rc1+ 78. Kd5 Rd1+ 79. Ke6 Re1+ 80. Kd7 Rd1+ 81. Kc8 g4 82. Rb7+ Kc5 83. a7 1-0

[Event "Rhoen Seniors-B 4th"]
[Site "Bad Bocklet"]
[Date "2003.11.07"]
[Round "2"]
[White "Gerull, Dietrich"]
[Black "Hartmann, Rudi"]
[Result "0-1"]
[WhiteElo "1649"]
[BlackElo "1731"]
[PlyCount "58"]
[EventDate "2003.11.??"]
[EventType "swiss"]
[EventRounds "9"]
[EventCountry "GER"]
[SourceTitle "EXT 2006"]
[Source "ChessBase"]
[SourceDate "2005.11.24"]
[SourceVersion "1"]
[SourceVersionDate "2005.11.24"]
[SourceQuality "1"]

1. e4 c5 2. Nf3 d6 3. d4 cxd4 4. Nxd4 Nf6 5. Nc3 a6 6. a4 g6 7. Be2 Bg7 8. 0-0 0-0 9. Be3 Qc7 10. Nd5 Nxd5 11. exd5 Nd7 12. c4 Nf6 13. Rc1 Bd7 14. b4 Rac8 15. a5 Qb8 16. f3 e6 17. dxe6 fxe6 18. Bd3 Rfe8 19. Qd2 e5 20. Ne2 Be6 21. Ng3 d5 22. cxd5 Bxd5 23. Bg5 Bf7 24. Bxf6 Bxf6 25. Ne4 Be7 26. Qh6 Qa7+ 27. Kh1 Qd4 28. Nf2 Bxb4 29. Be4 Bd2 0-1

[Event "Rheinhessen-ch HT1 op"]
[Site "Woerrstadt"]
[Date "1999.04.03"]
[Round "7"]
[White "Lohr, Matthias"]
[Black "Gerull, Dietrich"]
[Result "0-1"]
[WhiteElo "1453"]
[BlackElo "1645"]
[PlyCount "70"]
[EventDate "1999.03.27"]
[EventType "swiss"]
[EventRounds "7"]
[EventCountry "GER"]
[SourceTitle "EXT 2000"]
[Source "ChessBase"]
[SourceDate "1999.11.16"]
[SourceVersion "1"]
[SourceVersionDate "1999.11.16"]
[SourceQuality "1"]

1. d4 Nf6 2. c4 g6 3. Nc3 d6 4. e4 Bg7 5. f4 c5 6. dxc5 Qa5 7. Bd3 Qxc5 8. h3 Nc6 9. Bd2 Nb4 10. Be2 Qc6 11. a3 Na6 12. Qc2 Nc7 13. g4 e6 14. Nf3 d5 15. cxd5 exd5 16. Nd4 Qc5 17. Be3 Qe7 18. Ncb5 Nxb5 19. Nxb5 0-0 20. Bc5 Qxe4 21. Qxe4 Nxe4 22. Bxf8 Kxf8 23. 0-0 Bd7 24. Nc7 Rc8 25. Nxd5 Bd4+ 26. Kg2 Rc2 27. Rae1 Rxb2 28. Nb4 a5 29. Nd3 Ra2 30. Nc1 Rc2 31. Rd1 Nd2 32. Bd3 Bc6+ 33. Kg3 Nxf1+ 34. Rxf1 Rg2+ 35. Kh4 h6 0-1

[Event "Rheinhessen-ch HT1 op"]
[Site "Woerrstadt"]
[Date "1999.03.27"]
[Round "2"]
[White "Gerull, Dietrich"]
[Black "Wartenberg, Erwin"]
[Result "1/2-1/2"]
[WhiteElo "1645"]
[BlackElo "1478"]
[PlyCount "82"]
[EventDate "1999.03.27"]
[EventType "swiss"]
[EventRounds "7"]
[EventCountry "GER"]
[SourceTitle "EXT 2000"]
[Source "ChessBase"]
[SourceDate "1999.11.16"]
[SourceVersion "1"]
[SourceVersionDate "1999.11.16"]
[SourceQuality "1"]

1. e4 c6 2. d4 d5 3. Nc3 dxe4 4. Nxe4 Bf5 5. Ng3 Bg6 6. Nf3 e6 7. Bd3 Bxd3 8. Qxd3 Nf6 9. 0-0 Be7 10. c3 0-0 11. Bg5 Nbd7 12. Rad1 Nd5 13. Bxe7 Qxe7 14. Rfe1 Qd8 15. Ne4 N7f6 16. Nxf6+ Nxf6 17. Ne5 Qc7 18. Re3 Rad8 19. Rh3 h6 20. Qf3 c5 21. Rxh6 Nh7 22. Rxh7 Kxh7 23. Qh5+ Kg8 24. Rd3 f6 25. Ng6 cxd4 26. Nxf8 Kxf8 27. Rg3 Kg8 28. Rh3 Qe5 29. Qd1 Qd5 30. Qxd4 Qxd4 31. cxd4 Rxd4 32. Kf1 e5 33. Ke2 Rd7 34. Rd3 Re7 35. f3 Kf7 36. g4 g5 37. Ke3 Ke6 38. Ke4 Rh7 39. Rd2 Rc7 40. a3 Rc4+ 41. Ke3 b6 1/2-1/2

[Event "Rheinhessen-ch H1 op"]
[Site "Mainz"]
[Date "1997.??.??"]
[Round "7"]
[White "Zidar, Uwe"]
[Black "Gerull, Dietrich"]
[Result "1-0"]
[WhiteElo "1829"]
[BlackElo "1640"]
[PlyCount "87"]
[EventDate "1997.03.21"]
[EventType "swiss"]
[EventRounds "7"]
[EventCountry "GER"]
[SourceTitle "EXT 2000"]
[Source "ChessBase"]
[SourceDate "1999.11.16"]
[SourceVersion "1"]
[SourceVersionDate "1999.11.16"]
[SourceQuality "1"]

1. d4 Nf6 2. Nf3 d6 3. Bg5 Nbd7 4. Nbd2 e5 5. e4 exd4 6. Nxd4 Be7 7. Bc4 Ne5 8. Bb3 0-0 9. 0-0 h6 10. Bh4 c5 11. N4f3 Bg4 12. h3 Bxf3 13. gxf3 Nh5 14. Bg3 Bg5 15. Nc4 Bf4 16. Kg2 Qg5 17. Qe1 Bxg3 18. fxg3 Qg6 19. f4 Nc6 20. f5 Qf6 21. g4 Qg5 22. Qe3 Qxe3 23. Nxe3 Nf6 24. Bd5 Rac8 25. c3 b5 26. h4 Rfe8 27. Rf4 Ne5 28. Rd1 c4 29. g5 Nd3 30. Rxd3 cxd3 31. gxf6 gxf6 32. Ng4 Kg7 33. h5 Rc5 34. Ne3 Re7 35. Rf2 Rxd5 36. Nxd5 Rxe4 37. Kf3 Re5 38. Ne3 a5 39. Rd2 Kf8 40. Rxd3 b4 41. Rd5 bxc3 42. bxc3 Ke7 43. Rxe5+ fxe5 44. Ng4 1-0